Living Movie Stills (Slideshow) Quiz Stats

 Plays Quiz not verified by Sporcle

Score 0/25 Timer 07:00
0 Plays Today
% Correct
The Dark Knight
91.6%
Black Swan
88.3%
The Shining
83.9%
The Big Lebowski
83.7%
Taxi Driver
82.6%
The Dark Knight Rises
80.3%
The Wolf Of Wall Street
78.5%
Reservoir Dogs
76.5%
Fear and Loathing in Las Vegas
74.4%
Eternal Sunshine of the Spotless Mind
73.2%
Superman
70.9%
Léon: The Professional
70%
Good Will Hunting
69.7%
% Correct
Dredd
67.2%
Fight Club
65.9%
There Will Be Blood
64.1%
Nightcrawler
57.5%
Natural Born Killers
56.8%
Ghostbusters
55.9%
Winter's Bone
53.8%
The Matrix
39.5%
The Grand Budapest Hotel
34.5%
Super
32.6%
Fantastic Mr. Fox
31%
Hero
21.9%

You're not logged in!

Compare scores with friends on all Sporcle quizzes.
Join for Free
OR
Log In

You Might Also Like...

Show Comments

Extras

Top Quizzes Today


Score Distribution

Your Account Isn't Verified!

In order to create a playlist on Sporcle, you need to verify the email address you used during registration. Go to your Sporcle Settings to finish the process.

Report this User

Report this user for behavior that violates our Community Guidelines.

Details: